Datum a čas kvízu
23
Celkem bodů
Celkový počet nahraných bodů na tomto kvízu bez doplňovacích otázek.
7.
Pořadí na kvízu
Konečné umístění týmu na tomto kvízu.
Zaznamenané odpovědi
| # | Otázka | Odpověď | Body | Výsledky |
|---|---|---|---|---|
| 1. | Jedna česká politička se pochl... | Alena Schillerová, lev | 1 | |
| 2. | Bezpečnostní složky na kosmodr... | raketoplán Buran | 1 | |
| 3. | V sobotu se konalo finále 69.... | Švýcarsko, Adam Pavlovčin (Adonxs) | 1 | |
| 4. | Netradiční způsob přivítání zv... | Albánie | 0 | |
| 5. | Tým z jednoho krajského města... | Brno, Nymburk | 0.5 | |
| 6. | Podíváme se na pět reklam, z n... | sázení (sázková kancelář, hazard) | 1 | |
| 7. | Tento spot přijala veřejnost o... | fazole | 0 | |
| 8. | Spot je z roku 2014. Rada pro... | T-Mobile | 1 | |
| 9. | Tato televizní reklama na Fido... | Karel Zich | 1 | |
| 10. | Režisér Jakub Kohák natočil te... | BESIP | 1 |